[Event "Beijing FIDE GP"]
[Site "Beijing"]
[Date "2013.07.11"]
[Round "7"]
[White "Ivanchuk, Vassily"]
[Black "Morozevich, Alexander"]
[Result "1-0"]
[WhiteElo "2733"]
[BlackElo "2736"]
[Annotator "Krasenkow,M"]
[PlyCount "97"]
[EventDate "2013.07.04"]
[EventType "tourn"]
[EventRounds "11"]
[EventCountry "CHN"]
[EventCategory "21"]
[SourceTitle "CBM 156"]
[Source "ChessBase"]
[SourceDate "2013.09.17"]
[SourceVersion "1"]
[SourceVersionDate "2013.09.17"]
[SourceQuality "1"]

1. Nf3 d5 2. d4 Bf5 3. c4 e6 4. Nc3 Nf6 5. cxd5 exd5 6. Qb3 Nc6 7. Bg5 ({
It is well-known that} 7. Qxb7 $6 Nb4 {is favourable for Black.}) 7... Na5 8.
Qa4+ c6 9. Bxf6 gxf6 {So, White has managed to damage Black's pawn structure
but Black has a pair of active bishops. The position is dynamically balanced.}
10. e3 Qb6 (10... b5 {is interesting but hardly correct; Black doesn't get
compensation for the weakening of his position:} 11. Qd1 $1 (11. Nxb5 Rb8 12.
Nd2 $6 (12. Nc3 Rxb2 13. Rc1 Bb4 $13) 12... cxb5 13. Bxb5+ Ke7 14. O-O Qb6 15.
Be2 Qb4 16. Qd1 Bh6 $17 {0-1 (41) Young,A (2413)-Mitkov,N (2515) Bolingbrook
2005}) (11. Bxb5 cxb5 12. Qxb5+ Bd7 13. Qxd5 Be7 $13) 11... Nc4 (11... Bb4 12.
Bd3 Bg6 13. O-O Nc4 {1-0 (62) Abbasov,F (2528)-Naiditsch,A (2624) Baku 2008}
14. Bxc4 dxc4 (14... bxc4 15. Qa4) 15. Nd2 $14) 12. Bxc4 bxc4 13. O-O (13. Qa4
Qd7 14. e4 dxe4 15. Nh4 Be6 16. Nxe4 Be7 17. O-O O-O 18. Rfd1 Kh8 19. Nc5 $14 {
0-1 (41) Yuferov,S (2430)-Vyzmanavin,A (2480) Belarus 1983}) 13... Bd3 14. Re1
Qb6 15. Qa4 O-O-O 16. b3 cxb3 17. axb3 Kb7 18. Rec1 Bb4 19. Qa2 $1 $16 {
1-0 (28) Uhlmann,W-Opocensky,K Leipzig 1965}) 11. O-O-O O-O-O (11... Qb4 12.
Qxb4 Bxb4 13. Bd3 Bg6 14. Ne2 b5 15. Nh4 Nc4 16. Nf5 $14 {1/2 (37) Panchenko,
AG-Fadeev,V Kharkov 1984}) 12. Bd3 Bg6 (12... Bxd3 {is the exchange White
wants to force although even then exploiting the weakness of the f5-square
will not be an easy task:} 13. Rxd3 Nc4 14. Qc2 Kb8 15. Nd2 Qa6 (15... Nd6 16.
Na4 $5) 16. Kb1 b5 17. Ka1 Ka8 18. Ncb1 f5 19. Nb3 Bb4 20. g3 h5 21. Rdd1 Qc8
22. Nc1 Qd7 23. Nd3 Bd6 24. Nd2 $14 {1-0 (52) Von Herman,U (2332)-Ehrke,M 
(2244) Germany 2005}) (12... Be6 {is less natural than the text move:} 13. Qc2
Nc4 14. Nd2 Nxd2 15. Rxd2 h6 16. Na4 Qc7 17. a3 Kb8 18. Kb1 Bd6 19. g3 Rhe8 20.
Rc1 Bh3 21. b4 $36 {1/2 (70) Mamedyarov,S (2607)-Eid,F (2431) Dubai 2003}) 13.
a3 $146 {[%mdl 32] White starts a new plan.} (13. h4 {was played in a few
games:} h5 $142 (13... Rg8 14. Bxg6 (14. g3 Bb4 $5 15. Ne2 Nc4) 14... fxg6 15.
h5 Nc4 16. Qc2 Kb8 17. Nd2 Nxd2 18. Qxd2 Rd7 19. Qc2 f5 20. Kb1 Bd6 21. g3 Rf7
22. hxg6 hxg6 23. Rh6 Bf8 24. Rh3 $14 {1-0 (68) Pogorelov,R (2507)-Westerinen,
H (2399) Andorra 1999}) 14. Bxg6 fxg6 15. Nd2 Kb8 16. Qc2 f5 17. Na4 Qb5 18.
Kb1 Bb4 19. Nc3 Qb6 20. g3 Rhe8 $11 {1-0 (42) Smirnov,A (2286)-Biriukov,I 
(2343) St Petersburg 2002}) 13... Kb8 14. Rhe1 Rg8 15. Nh4 Bxd3 {After all
Black agrees to trade these bishops.} (15... Bh5 $5 16. f3 Bg6 {looks
appropriate in order to weaken White's solid pawn structure a little bit.} 17.
Nxg6 hxg6 18. b4 Nc4 19. Bxc4 dxc4 {doesn't look dangerous for Black.}) 16.
Rxd3 c5 $6 {This move looks logical: Black wants to make use of the fact that
White's h4-knight is temporarily out of play; however, it creates a new
weakness: the d5-pawn. It was better to play positionally:} (16... Nc4 $1 17.
Re2 f5 $5 18. g3 Rg5 $13 {Black's strong c4-knight compensates for his double
f-pawns.}) 17. Kb1 (17. dxc5 $4 {was impossible due to} Nb3+ {but after the
text move 18.dxc5 is a threat.}) (17. Qb5 $5) 17... Rg4 (17... Nc4 18. Qb5 $1
Qe6 19. dxc5 $1 a6 {runs into} 20. Qxc4 $1 dxc4 21. Rxd8+ Ka7 22. Red1 $36 {
[%csl Rf8,Rg8] Therefore Black inserts the text move.}) 18. g3 Nc4 (18... c4 {
is not what Black wanted: his only "achievement" would be a weakness on d5.})
19. Qb5 $1 {Of course, Black's weaknesses can be more easily exploited in the
endgame.} Qe6 $1 20. dxc5 a6 21. Qb3 Bxc5 (21... d4 22. Nf3 $1 Bxc5 {[%cal
Rc4a3]} 23. Ka1 $1 $16) 22. Re2 ({Here, too,} 22. Nf3 $5 {was possible:} Rd6 (
22... Qf5 $2 23. e4 $1) (22... d4 23. Ka1 $1 $16) 23. Qd1 {, and the attack
like} Bxa3 24. bxa3 Rb6+ 25. Ka1 {doesn't bring Black any success: he has
nothing better than} Nb2 26. Qc2 Nxd3 27. Qxd3 $16) (22. Ka1 $5 {was another
good option but it allowed Black to activate his bishop:} Bd4 $1 23. Rc1 Be5 {
although White's position is still preferable after} 24. Qd1 Qb6 25. Qe2) 22...
Rd6 ({Black misses} 22... d4 $1 {[%cal Rc4d2,Rc4e5,Rc4a3]} 23. Nf3 $1 (23. Qd1
dxc3 $1 24. Rxd8+ Ka7 25. bxc3 Qb6+ 26. Ka2 Qa5 $44) 23... Nxa3+ $1 24. Ka2 Nb5
25. Nxb5 axb5 26. Rc2 (26. Qxe6 fxe6 27. exd4 e5) 26... Bb6 27. exd4 Rd6 {
with more drawing chances. After the text move he simply loses his d5 pawn.})
23. Qd1 $1 Rg8 24. Rxd5 Rc8 $1 {The best way of counterplay.} (24... Rgd8 $143
25. e4) 25. Nf5 (25. Ka1 Rdc6 $1) (25. Nf3 $5 {was probably better than the
text move.}) 25... Rb6 $2 {[%mdl 64]} (25... Rxd5 $1 26. Qxd5 Nxa3+ $1 27. bxa3
Bxa3 {was the only tactical possibility allowing Black to stay in the game.
Due to the unfortunate position of his f5-knight, White can't save his extra
piece, and after} 28. Nd4 $1 (28. Qxe6 fxe6 {[%cal Re6f5,Rc8c3]}) 28... Qb6+
29. Ncb5 $1 Bc5 $1 {the position remains unclear.}) 26. Ka2 (26. Na4 {was
simpler since} Nxa3+ $2 {didn't work due to} 27. Ka1) 26... Bd6 $2 {A blunder
losing the whole game but Black had no satisfactory continuation anyway:} (
26... Rbc6 27. Nd4 $1 Bxd4 28. exd4 $18) (26... Ka7 27. Na4) 27. Nd4 Qe7 28.
Na4 $18 {[%csl Rb6]} Bxa3 {Desperation.} 29. Nxb6 Nxb6 30. Rh5 Rc5 31. bxa3 $5
{An unnecessary "brilliancy".} (31. Rc2 $5 $18) 31... Rxh5 32. Rb2 Rxh2 (32...
Ra5 33. Qb3 Ka8 34. Qxb6 Qxa3+ 35. Kb1 Qd3+ 36. Rc2 Qd1+ 37. Kb2 Qa1+ 38. Kb3
Qb1+ (38... Qa3+ 39. Kc4) 39. Rb2 Qd3+ 40. Kb4 Qa3+ 41. Kc4 {, and White's
king escapes.}) 33. Qb3 (33. Qg1 $5) 33... Qc5 34. Qxb6 Qxb6 35. Rxb6 Rxf2+ 36.
Rb2 {, and White easily converted his extra piece:} Rf1 37. Rh2 Rg1 38. Nf5 Rf1
39. e4 Re1 40. Rh4 Kc7 41. Rxh7 Rxe4 42. Rxf7+ Kc6 43. Rxf6+ Kc5 44. Rf8 b5 45.
Rc8+ Kd5 46. g4 Rf4 47. Ne3+ Kd4 48. Nc2+ Ke4 49. Re8+ 1-0

[Event "Bundesliga 9900"]
[Site "Germany"]
[Date "2000.01.09"]
[Round "7.1"]
[White "Lautier, Joel"]
[Black "Van der Sterren, Paul"]
[Result "1-0"]
[WhiteElo "2653"]
[BlackElo "2535"]
[Annotator "Lautier,J"]
[PlyCount "71"]
[EventDate "1999.10.09"]
[EventType "team-tourn"]
[EventRounds "15"]
[EventCountry "GER"]
[SourceTitle "CBM 074 Extra"]
[Source "ChessBase"]
[SourceDate "2000.03.10"]
[SourceVersion "2"]
[SourceVersionDate "2000.03.10"]
[SourceQuality "1"]
[WhiteTeam "Godesberg"]
[BlackTeam "Castrop Rauxel"]
[WhiteTeamCountry "GER"]
[BlackTeamCountry "GER"]

1. d4 Nf6 2. c4 e6 3. Nc3 d5 4. cxd5 exd5 5. Bg5 Be7 6. e3 O-O 7. Bd3 Nbd7 8.
Nge2 Re8 9. O-O Nf8 10. b4 Ne4 {N} 11. Bxe7 Rxe7 12. Qc2 (12. Bxe4 $5 dxe4 13.
Ng3 f5 14. f3 exf3 15. Qxf3 Ng6 (15... c6 16. b5 $14) (15... g6 16. Rad1 $14 {
/\ e4}) 16. Rad1 (16. Nxf5 Bxf5 17. Qxf5 Rxe3 18. Nd5 Re8 $11 {/\ Rf8}) 16...
Nh4 17. Qf4 Rf7 (17... Ng6 18. Qg5 $36) 18. d5 $14 (18. e4 g5 19. Qf2 f4 $36))
12... Bf5 (12... Nxc3 13. Nxc3 a6 14. a4 Be6 15. b5 $14) 13. Nf4 (13. b5 Nxc3
14. Nxc3 Bxd3 15. Qxd3 a6 16. a4 Ng6 $14) 13... c6 (13... Nxc3 14. Bxf5 Ne4 15.
b5 $14) 14. Nce2 (14. b5 Nxc3 15. Qxc3 Bxd3 16. Qxd3 Ne6 17. Nxe6 Rxe6 18. Rfc1
Rc8 $11) 14... g5 $1 $11 (14... Ng6 $4 15. f3 $18) (14... Qd7 15. b5 $1 cxb5 (
15... Rc8 16. bxc6 Rxc6 17. Qb3 $1 Rd6 (17... Nd2 $2 18. Bxf5 Qxf5 19. Qxd5
Qxd5 20. Nxd5 Rd7 21. Rfd1 $16) 18. Qb4 $5 $14) 16. f3 Rc8 17. Qb1 Nd6 (17...
Nd2 $4 18. Bxf5 $18) 18. Nxd5 Ree8 19. Bxf5 Nxf5 20. e4 Nd6 21. Qb3 Nc4 22.
Rfd1 $14) (14... Bg6 15. a4 $14 (15. b5 cxb5 16. Nxg6 Nxg6 17. Bxb5 Rc7 18. Qb2
Rac8 19. Bd3 $13)) 15. f3 (15. Nh5 Bg6 16. Nhg3 Nd6 $11) 15... gxf4 (15... Nd6
$5 16. Bxf5 (16. e4 $2 dxe4 17. fxe4 Nxe4 $1 (17... Bxe4 18. Nh5 $132) 18. Nh5
Bg6 $17) (16. Nxd5 cxd5 17. Bxf5 Rxe3 18. Bd3 Qf6 $15) 16... gxf4 17. e4 Nxf5
18. exf5 Qd6 19. Qd2 Qf6 (19... Re3 20. g3 $14) 20. Nxf4 Qxf5 $11) 16. fxe4
Bxe4 (16... dxe4 $6 17. Bc4 Be6 18. Nxf4 $16) 17. Nxf4 Qd6 (17... Bg6 $6 {>< h5
} 18. Rf3 Qd6 19. a3 (19. Raf1 $5 Qxb4 20. Qf2 $44 {>< f7}) 19... Rae8 20. Qf2
$14) 18. Nh5 Nd7 $2 (18... Bxd3 19. Qxd3 Qxb4 $2 20. Qf5 Qd6 21. Qg5+ Ng6 22.
Qh6 f5 23. Rxf5 $40) (18... Bg6 $1 19. Nf6+ Kg7 $11) 19. Bxe4 Rxe4 20. Ng3 $36
Rh4 $2 {>< Rh4} (20... Re6 21. Nf5 (21. Rxf7 $6 Kxf7 22. Qxh7+ Ke8 23. Nf5 Qf8
24. Ng7+ Ke7 25. Nxe6+ Kxe6 26. Rf1 Qg8 27. Qh6+ Ke7 28. Qh4+ Kd6 (28... Ke8 $5
29. e4 $13) 29. Qf4+ Ke7 30. Qh4+ $11) 21... Qf8 22. Rf3 $36) 21. Rf3 $16 {
/\ h3, Nf5} f6 22. h3 Qe6 23. Nf5 Rh5 24. h4 $1 {>< Rh5} Kh8 25. Raf1 (25. g4
$4 Rg8 $17 {/\ Rf5}) (25. Qf2 $142 $1 Rg8 26. Rf4 Nf8 (26... Qe8 27. Qf3 {
/\ g4, Kh1+-}) 27. Qf3 $18) 25... Rg8 26. Rf4 {/\ Qe2} Rxf5 $8 27. Qxf5 Qxe3+
28. Kh1 Rg7 29. Rg4 $16 Qe7 $2 $138 (29... Re7 $142 30. Kh2 $16 {/\ Rf3-g3} (
30. Rf3 $6 Qc1+ 31. Kh2 $6 Re1 $1 32. Qxd7 $140 Rh1+ 33. Kg3 Qe1+ 34. Rf2 (34.
Kf4 Qe4+ $11) 34... Qe3+ $11)) 30. Rf3 (30. Rxg7 Qxg7 31. Qe6 $18) 30... Nf8
31. Rxg7 Kxg7 32. Rg3+ Kh8 33. Qg4 Qf7 34. Re3 h5 35. Qe2 $1 $18 Qg6 36. Re7
1-0

[Event "Dortmund SuperGM 39th"]
[Site "Dortmund"]
[Date "2011.07.25"]
[Round "5"]
[White "Le, Quang Liem"]
[Black "Ponomariov, Ruslan"]
[Result "1-0"]
[WhiteElo "2715"]
[BlackElo "2764"]
[Annotator "Le Quang Liem"]
[PlyCount "141"]
[EventDate "2011.07.21"]
[EventType "tourn"]
[EventRounds "10"]
[EventCountry "GER"]
[EventCategory "20"]
[SourceTitle "CBM 144"]
[Source "ChessBase"]
[SourceDate "2011.09.16"]
[SourceVersion "1"]
[SourceVersionDate "2011.09.16"]
[SourceQuality "1"]

1. d4 Nf6 2. c4 e6 3. Nf3 d5 4. Nc3 Nbd7 5. cxd5 exd5 6. Bf4 c6 ({An
alternative is} 6... Bb4 {with similar play to the Ragozin Defence.}) 7. Qc2 (
7. e3 {is premature, as Black can exchange his knight for White's bishop
favourably.} Nh5 8. Bg5 Qb6 9. Qc2 h6) 7... Nh5 ({If} 7... Be7 {then White has
time for} 8. h3 {keeping his strong bishop from exchanging} O-O 9. e3 $14 {
Later on White can even consider castling long and starting an offensive with
his pawns on the kingside.}) 8. Bd2 Nhf6 (8... Bd6 {allows} 9. e4 {with active
play for White.}) ({After} 8... Be7 {Black must reckon with} 9. h3 $5 O-O 10.
g4 Nhf6 11. Bf4 $13) 9. Bf4 ({In this kind of position White would not like to
play e3 when his bishop remains passive on d2.} 9. e3 Bd6 10. Bd3 O-O) 9... Nh5
10. Bg5 {So White has to force the exchange of bishops.} Be7 11. Bxe7 Qxe7 12.
e3 {In the Carlsbad structure like this, White usually has two plans: either
to castle short and start a minority pawn attack, or to castle long and attack
on the kingside.} Nb6 {Black keeps his position flexible and open for all
possibilities.} (12... O-O $6 {would be a slight positional mistake, as after}
13. Bd3 g6 {White can choose} 14. O-O-O $5 {with good attacking prospect. The
g6-pawn now becomes a target. It looks like White can open the kingside quite
fast.} (14. O-O)) 13. Ne5 (13. Bd3 {is not good now because of} Nf4 $1 {
White does not have the intermediate check on h7 (comparing to the line 12...
0-0)}) (13. Be2 {is pretty slow:} Bg4 14. O-O Nf6 {Black should be fine.})
13... g6 14. O-O-O Bf5 15. Qe2 Nf6 16. g4 Be6 17. f3 O-O-O {Of course Black
does not want to castle on the opposite side. His king feels much safer on the
queenside.} (17... h5 $5 {might be a good try, with the idea of exchanging a
pair of knights; that makes Black's game easier.} 18. g5 Nfd7 19. Nxd7 Bxd7 20.
h4 O-O-O $11) 18. h4 Nfd7 ({Now} 18... h5 {makes no sense, because White can
play simply} 19. g5 Nfd7 20. Nd3) 19. Nd3 Rhe8 20. Bg2 {Both sides manoeuvre
slowly. White has a slight space advantage and Black is very solid.} f6 21. Qf2
Qd6 22. Kb1 Kb8 {Trying to improve all the pieces by putting them on their
best squares.} 23. Ka1 {White would wish to play e4, but first he has to
protect the g4-pawn. But that is not so easy to accomplish along with a
harmonious development of the pieces. So I decided to make a "waiting"
prophylactic move.} (23. g5 Bf5 $13) 23... h6 24. Rhg1 Bf7 $6 {A mistake,
perhaps underestimating White's next move.} (24... g5 {is more logical:} 25.
Bh1 Re7 26. f4 {The position is dynamically equal.}) 25. g5 hxg5 26. hxg5 f5 $6
(26... fxg5 {is stronger:} 27. Bh3 Rh8 28. Bxd7 Nxd7 29. Rxg5 {though White is
still positionally better.}) 27. e4 $1 {Now the game enters a concrete phase,
with lots of possible tactics.} dxe4 28. fxe4 Ka8 (28... fxe4 {is bad because
of} 29. Nxe4 Qe6 30. Qg3+ Ka8 31. b3 Nc8 $8 32. Rgf1 $16 {White pieces
dominate the board.}) ({The correct defence seems to be} 28... Bc4 $5 29. exf5
Bxd3 (29... gxf5 30. Nf4) 30. Rxd3 gxf5 31. Qxf5 Ne5 32. Rdd1 Nec4 {but White
is also clearly better after} 33. Qf2 $1) 29. Nc5 ({The best move is} 29. exf5
$1 gxf5 30. Nf4 $16 {with the idea to answer} (30. Qxf5 Bh5) 30... Nf8 {with}
31. d5) 29... Nc4 $6 {This move looks tempting, but it falls short for a
tactical reason.} 30. Nb3 $2 {Returning the faavour. This "human move" almost
spoils all of White's advantages. But it was not easy to calculate everything
in such a complicated positon, escpecially when both sides were low on time.} (
{I saw} 30. exf5 {but rejected it because I thought Black might be able to
hold after} Ne3 (30... Nxc5 31. dxc5 Qe5 32. Be4 $16) (30... gxf5 $2 31. Nb5 $1
) 31. N5e4 (31. Nb5 Nxd1 32. Rxd1 Qe7 $8 (32... Qb8 33. Na6) (32... Qh2 33.
Nxb7 Bd5 34. Nxd8 Rxd8 35. Rg1 gxf5 36. Nc3) 33. Nc7+ Kb8 34. Nxe8 Nxc5 35.
Qg3+ Kc8 36. Nf6 gxf5 37. Bh3 $16) 31... Nxd1 32. Nxd6 Nxf2 33. Nxf7 gxf5 34.
Nxd8 Rxd8 35. Rf1 Ng4 36. Rxf5 Ne3 37. Rf2 $16 {In fact, although it's far
from winning, White is still much better.}) 30... Qb4 (30... Bg8 $5 31. d5 cxd5
32. Nb5 Qb8 33. exf5 a6 {Black is quite close to equality.}) 31. d5 (31. exf5
Ne3) 31... Qb6 $6 {Under strong pressure, Black decides to sacrifice a pawn in
order to exchange queens, but this turns out to be a serious compromise.} ({
The correct defence is} 31... cxd5 32. exf5 Qb6 $1 (32... Ne3 33. Rd4 {(this's
why White had to play 31.d5 before taking the f5 pawn - to take the d4-square
for the rook)} Qb6 34. fxg6 Qxg6 35. Be4 dxe4 36. Qxe3 $14) 33. Qxb6 Ndxb6 34.
f6 Ne3 35. Rd2 Nbc4 36. Rf2 Re5 $11) (31... c5 32. exf5 (32. d6 $5) 32... gxf5
(32... Ne3 33. Rde1 Nxf5 34. Bh3) 33. Qxf5 $14) 32. Qxb6 Ndxb6 33. dxc6 {
Now White is just a pawn up.} Rxd1+ 34. Nxd1 fxe4 35. cxb7+ Kb8 36. Nc3 Re5 $6
(36... Nd6 37. Nc5 Re5 38. N5xe4 (38. Rd1 Rxc5 39. Rxd6 Kxb7 40. Bxe4+ Kc7 41.
Rf6 Be8 42. Bxg6 Bd7 43. Be4 Rxg5 {Black should be able to hold this if he
plays accurately.}) 38... Nxb7 39. Rf1 $14) 37. Bxe4 Nd6 38. Nd4 $16 Rc5 (38...
Rxe4 39. Nxe4 Nxe4 40. Nc6+ Kxb7 41. Nd8+ $18) 39. Rf1 (39. Bh1 {is stronger,
with the following forced variation} Nxb7 40. Nc6+ Kc7 41. Nxa7 Nd6 42. Rc1 $1
{(I failed to see this key move)} Kd7 43. Rd1 Kc7 44. Rxd6 $1 Kxd6 45. Ne4+ Kd5
46. Nxc5+ Kxc5 47. Nc6 $18 {White should win without much difficulty.}) 39...
Nxe4 40. Nxe4 Rc4 41. Rd1 Bd5 42. Nd6 Rc7 43. Rf1 Bxb7 44. Rf8+ (44. b3 $5 Nc8
45. Nxb7 Rxb7 46. Rf6 $16 {is perhaps a better version than the text move.})
44... Nc8 45. b4 Rd7 46. Nc6+ Kc7 47. Nxb7 Kxb7 48. Rf6 Rd6 49. Ne5 Rd5 50. Nf3
(50. Nf7 Ne7 51. Re6 Nc6 52. b5 Nd4 53. Rxg6 Nxb5 54. Kb2 $16) 50... Rd3 51.
Kb2 Nb6 52. Ne5 Rd5 53. Nf7 a5 $6 (53... Rd7 {is more stubborn} 54. Kb3 (54.
Nd6+ $4 Rxd6) 54... Nd5 55. Rf3 Re7 56. Kc4 Ne3+ 57. Kd3 Ng4 58. Kd4 $16) 54.
bxa5 Rb5+ 55. Ka1 Rxa5 56. Rxg6 {And White is two healthy pawns up. The rest
is just a matter of technique.} Rc5 57. Kb2 Rb5+ 58. Kc3 Ra5 59. Nd6+ Kc7 60.
Kb3 Rd5 61. Ne8+ Kb7 62. Rg7+ Kc6 63. Rc7+ Kb5 64. g6 Rg5 65. Nd6+ Ka6 66. g7
Rg3+ 67. Kc2 Nd5 68. Rf7 Rg2+ 69. Kb3 Ne3 70. Ne8 Rg3 71. Rf3 1-0

[Event "Asti op 15th"]
[Site "Asti"]
[Date "1994.??.??"]
[Round "?"]
[White "Legky, Nikolay A"]
[Black "Efimov, Igor"]
[Result "1-0"]
[WhiteElo "2510"]
[BlackElo "2470"]
[Annotator "Legky,N"]
[PlyCount "61"]
[EventDate "1994.??.??"]
[EventType "swiss"]
[EventRounds "9"]
[EventCountry "ITA"]
[SourceTitle "CBM 044"]
[Source "ChessBase"]
[SourceDate "1995.02.01"]
[SourceVersion "1"]
[SourceVersionDate "1995.02.01"]
[SourceQuality "1"]

1. d4 d5 2. c4 c6 3. Nf3 Nf6 4. Nc3 e6 5. cxd5 exd5 6. Bg5 Nbd7 7. e3 Bd6 8.
Bd3 Nf8 9. Qc2 Ng6 10. O-O-O Bg4 11. h4 $5 {N/} Be7 12. Rdg1 $1 Bxf3 13. gxf3
Nf8 14. Bf4 (14. h5 Ne6 $13) 14... Nh5 (14... g6 15. Be5 N8d7 16. f4 $16) 15.
Be5 Ng6 16. Bxg7 $5 Nxg7 17. h5 Kd7 $1 18. f4 Ne6 (18... Rc8 $32 {/\Kc7-b8+/=/}
) 19. hxg6 hxg6 20. Kb1 $1 Qa5 (20... Rxh1 $6 21. Rxh1 f5 22. Rg1 $16) 21. f5
gxf5 22. Bxf5 Kc7 $2 (22... Rag8 $1 $14) 23. a3 $1 Rxh1 24. Rxh1 Kd7 (24... Rd8
$1 25. Bg4 (25. Ne2 $5)) 25. e4 $16 Rd8 (25... dxe4 26. d5 $1) (25... Kd6 26.
e5+ Kd7 27. f4 $16) 26. Rh7 Ke8 27. exd5 Nf8 28. Rh8 (28. Rh5 $5) 28... cxd5
29. Qb3 $5 Qb6 (29... Bf6 $1 $8 30. Rg8 $16) 30. Nxd5 $3 Qa5 (30... Qc6 31.
Nxe7 Kxe7 32. Qe3+ Ne6 33. Bxe6 Qxe6 (33... fxe6 34. Qg5+) 34. Qxe6+ fxe6 35.
Rxd8 $18) 31. Qb5+ $1 (31. Qb5+ Qxb5 32. Nc7#) 1-0

[Event "ARM-ch 72nd"]
[Site "Yerevan"]
[Date "2012.01.22"]
[Round "11"]
[White "Babujian, Levon"]
[Black "Ter Sahakyan, Samvel"]
[Result "0-1"]
[WhiteElo "2474"]
[BlackElo "2569"]
[Annotator "Let's Check Training"]
[PlyCount "36"]
[EventDate "2012.01.11"]
[EventType "tourn"]
[EventRounds "11"]
[EventCountry "ARM"]
[EventCategory "13"]
[SourceTitle "CBM 147"]
[Source "ChessBase"]
[SourceDate "2012.03.16"]
[SourceVersion "1"]
[SourceVersionDate "2012.03.16"]
[SourceQuality "1"]

1. d4 d5 2. c4 e6 3. Nc3 Bb4 4. Bf4 Nf6 5. e3 c5 6. dxc5 Nc6 7. Rc1 e5 8. Bg5
d4 9. a3 Ba5 10. b4 dxc3 11. bxa5 $2 (11. Bxf6 gxf6 12. bxa5 $15) {[%tqu "En",
"","","","d8d2","",10]} 11... Qd2+ $19 12. Qxd2 cxd2+ 13. Kxd2 Ne4+ 14. Ke1
Nxg5 15. Ne2 Ne4 16. a6 bxa6 17. g4 Nxc5 18. Bg2 e4 0-1